00499 2200205 4500001002100000005001500021008004100036020001800077035001900095041000700114082001300121090001900134100001300153700001000166245002400176260003300200300002200233500001000255650002800265INLIS00000000000361220241224112745241224||||||||| | ||| |||| || |  a979-407-890-5 0010-1224003612 aid0 a920.0598 a920.0598 BAK d0 aIskandar0 aBakar00aDaud Panglima Angin aJakartabbalai pustakac2007 a126 hlm. : 20 cm. aCet.5 0aIlmu Sejarah & Biografi